Retrouver les équipes participant au tournoi de Hockey sur glace aux JO de Pyeongchang 2018 (Hommes et Femmes) - Statistiques

Statistiques générales
  • Ce quiz a été pris 157 fois
  • Le résultat moyen est 11 sur 13
Statistiques - réponses
Réponse % Correct
Canada
100%
Etats-Unis
99%
Suède
98%
Finlande
97%
Athlètes olympiques de Russie
93%
Norvège
92%
Allemagne
90%
Suisse
89%
Japon
84%
Slovaquie
79%
République Tchèque
78%
Corée du Sud
74%
Slovénie
61%
Aucun quiz correspondant
Distribution des résultats
% des personnes avec chaque résultat
Percentile par nombre de réponses
Votre historique - résultats
Vous n’avez pas pris ce quiz